000 00572nam a2200205Ia 4500
003 GCL
008 140319s9999 xx 000 0 ara d
040 _aGCL /
_cGCL
082 0 4 _a629.04
_bد ه
100 1 _aمحمود توفيق سالم
245 1 0 _aهندسة النقل والمرور /
_cمحمود توفيق سالم
260 _a[S.N] :
_bدار الراتب الجامعية ،
_c1985
300 _a410
490 _a
650 0 4 _aالطرق
650 0 4 _aالنقل
650 0 4 _aمعدات
650 0 4 _aهندسة المرور
942 _2ddc
_cBK
999 _c52446
_d52446